[Event "FIDE-Wch k.o."]
[Site "Groningen"]
[Date "1997.12.19"]
[Round "4.5"]
[White "Azmaiparashvili, Zurab"]
[Black "Krasenkow, Michal"]
[Result "1-0"]
[WhiteElo "2645"]
[BlackElo "2645"]
[Annotator "Tsesarsky,Ilya"]
[PlyCount "83"]
[EventDate "1997.12.09"]
[EventType "k.o."]
[EventRounds "7"]
[EventCountry "NED"]
[SourceTitle "CBM 063"]
[Source "ChessBase"]
[SourceDate "1998.03.26"]
[SourceVersion "1"]
[SourceVersionDate "1998.03.26"]
[SourceQuality "1"]

1. d4 d5 2. c4 e6 3. Nf3 c6 4. Qc2 Nf6 5. e3 (5. cxd5 exd5 $5 (5... cxd5 $6 6. Bg5 Nc6 7. Nc3 Be7 8. e3 $14 {½-½ Ruban,V-Khavsky,S/Leningrad T 1967 (28)})) (5. a3 Bd6 6. Bg5 Nbd7 7. g3 O-O $132 (7... Nb6 $4 8. c5 {1-0 Sele,A-Heggem,K/Molde 1992 (32)})) 5... Ne4 (5... Nbd7 6. b3 Bd6 7. Bb2 b6 (7... O-O 8. Nbd2 Qe7 9. Bd3 e5 10. cxd5 cxd5 11. dxe5 Nxe5 12. Nxe5 Bxe5 13. O-O Bg4 14. Rac1 Rac8 15. Qb1 Rfd8 16. h3 Bh5 17. Bf5 $14 {1-0 Kraut,R-Serrer,C/Groningen op 1988 (43)}) 8. Bd3 (8. Be2 Bb7 9. Nc3 Rc8 10. O-O O-O 11. Rfd1 Qe7 12. e4 dxe4 13. Nxe4 Nxe4 14. Qxe4 $14 {1-0 Vantilberry,C-Ebrahim,K/Moscow olm IVB-BRN 1994 (36)}) 8... Bb7 9. Nc3 $5 $14) (5... b6 6. Nc3 Bb7 7. Be2 Qc7 8. b3 Nbd7 9. Bb2 Bd6 10. e4 e5 11. Rd1 O-O 12. exd5 cxd5 13. Nb5 Bb4+ 14. Kf1 $16 (14. Bc3 Bxc3+ 15. Qxc3 Qb8 (15... exd4 16. Nxc7 dxc3 17. Nxa8 Rxa8 18. Rc1 $16) 16. dxe5 $16 {1-0 Cordy,R-Nordhang,A/EU-chJW U14 Herculane 1994 (34)})) ({RR} 5... a6 6. b3 c5 7. dxc5 Qa5+ 8. Nbd2 Qxc5 9. Bb2 Nc6 10. Rc1 Be7 11. Qb1 O-O 12. Bd3 Nb4 13. Be2 dxc4 14. Nxc4 b5 15. Nce5 Qb6 16. a3 Nbd5 17. Nc6 Bd7 18. Nxe7+ Nxe7 19. Qa1 Rfc8 20. O-O {Aleksandrov,A (2582)-Zinchenko,Y (2516) Voronezh 2008 1-0 (33)}) 6. Nc3 (6. Bd3 f5 7. O-O (7. Ne5 Nd7 8. Nxd7 Bxd7 9. O-O $14 (9. f3 $2 Qh4+ 10. g3 Nxg3 11. Qf2 f4 12. e4 (12. exf4 Nf5 13. Bxf5 Qxf2+ 14. Kxf2 exf5 15. cxd5 $15) 12... Be7 13. Rg1 Nh5 $17 {½-½ Chabanon,J-Mela,J/Genf op sp 1996 (61)})) 7... Bd6 (7... Nd7 8. b3 Be7 9. Ba3 $14 {1-0 Flohr,S-Bondarevsky,I/Parnu 1947 (41)}) 8. b3 Qe7 9. Bb2 (9. a4 Na6 (9... a5 10. Ba3 Na6 11. Bxd6 Qxd6 12. c5 Qc7 13. Be2 Nb4 14. Qb2 $14) 10. c5 Nb4 11. cxd6 Nxc2 12. dxe7 Nxa1 13. Nbd2 e5 $1 (13... c5 14. Ba3 Nxb3 15. Bb5+ Bd7 16. Bxd7+ Kxd7 17. Nxb3 c4 18. Ne5+ Kc7 19. f3 cxb3 20. fxe4 dxe4 21. Rb1 $18 {1-0 Kiss,P-Dudas,J/HUN-chT1 1994 (36)}) 14. Bb2 Nxd2 15. Nxd2 e4 16. Bb1 Nxb3 17. Nxb3 Kxe7 18. Ba3+ $14) 9... Nd7 10. Ne5 Nxe5 11. dxe5 Bc5 12. Nc3 Nxc3 13. Bxc3 O-O 14. cxd5 exd5 15. Bd4 Ba3 16. f4 c5 17. Bb2 Bxb2 18. Qxb2 Be6 $11 {1-0 Zueger,B-Stangl,M/Altensteig 1993 (31)}) (6. Be2 Nd7 (6... f5 7. O-O Bd6 8. b3 Qe7 9. a4 a5 10. Ba3 Bxa3 11. Nxa3 O-O 12. Qb2 Nd7 13. Nc2 g5 14. Nce1 Rf6 15. Nd3 Rh6 16. Nfe5 Nxe5 17. Nxe5 g4 18. g3 $14 {1-0 Soffer,R-Serebrjanik,A/Rishon le Zion 1992 (36)}) 7. O-O Bd6 8. Nc3 f5 9. Rb1 Qe7 10. a3 O-O 11. b4 a6 12. Qb3 b5 13. cxd5 Nxc3 14. Qxc3 cxd5 15. Ne1 Nb6 16. Nd3 $132 {½-½ Chekhov,V-Matlak,M/POL-chT (Lubniewice) 1993 (18)}) 6... f5 ({RR} 6... Nxc3 7. bxc3 Bd6 8. Bd3 h6 9. O-O O-O 10. a4 Nd7 11. Ba3 Bxa3 12. Rxa3 b6 13. cxd5 cxd5 14. a5 Bb7 15. Rfa1 Qc7 16. Qb2 Bc6 17. axb6 axb6 18. Rxa8 Rxa8 19. Rxa8+ Bxa8 20. Qb4 Bc6 21. Qe7 {Ignatiev,A (2014)-Krapivin,A (2350) Moscow RUS 2023 ½-½ (65)}) 7. Ne5 (7. Bd3 Na6 (7... Bd6 8. O-O O-O 9. b3 $14) 8. a3 Qa5 9. Ra2 (9. O-O Nb4 $11) 9... Nxc3 10. bxc3 Bd6 11. O-O $14) 7... Nd7 8. Nd3 $146 (8. Nxd7 Bxd7 9. Be2 Bd6 10. O-O O-O 11. f4 $11) ({RR} 8. f4 Nxe5 9. dxe5 Bb4 10. Bd3 Qa5 11. O-O Nxc3 12. bxc3 Bxc3 13. Rb1 d4 14. e4 O-O 15. exf5 exf5 16. g4 g6 17. gxf5 gxf5 18. Rf3 Qc7 19. Rg3+ Kh8 20. Ba3 c5 21. Qg2 Rb8 22. Kf2 Bd2 {Grundherr,M (2299)-Heinzel,O (2401) Austria 2006 ½-½ (34)}) 8... Bd6 9. Nf4 (9. c5 Bc7 10. b4 O-O 11. Be2 e5 $15) 9... Ndf6 (9... Qe7 $142 10. Bd2 (10. f3 Nxc3 11. bxc3 e5 $1 $15) 10... O-O 11. Be2 Ndf6 12. O-O e5 13. dxe5 Qxe5 14. cxd5 g5 15. Nxe4 Nxe4 16. dxc6 bxc6 17. Rfd1 gxf4 18. exf4 Qe7 19. Qxc6 Be6 $15) 10. f3 Nxc3 11. bxc3 (11. Qxc3 $6 Qe7 12. Bd2 e5 13. Nd3 exd4 14. Qxd4 c5 15. Qh4 d4 16. Qf2 b5 $1 $15) 11... O-O 12. Bd3 Kh8 $6 (12... e5 $1 13. dxe5 (13. Nh3 e4 $17) 13... Bxe5 14. O-O Qe7 (14... Qd6 15. Qb3 Re8 16. Kh1 Nd7 17. Ba3 Nc5 18. Qc2 b6 $132) (14... Qb6 15. Kh1 Qc5 16. Qb3 Re8 17. Rb1 $132) 15. Qb3 Bxf4 16. exf4 Re8 17. cxd5 Nxd5 18. c4 Nb4 $11) 13. O-O Bd7 14. c5 Bc7 15. c4 (15. Rb1 b5 16. a4 a6 17. Be2 (17. Bd2 e5 18. Nh3 (18. Ne2 $4 e4 $19) 18... f4 19. dxe5 fxe3 20. Bxe3 Bxe5 21. Bd4 (21. Nf2 Qc7 $15) 21... Bxd4+ 22. cxd4 Bxh3 23. gxh3 Qc7 $15) 17... e5 18. Nd3 e4 19. Nf4 g5 20. Nh3 exf3 (20... h6 21. f4 $11) 21. gxf3 h6 $15) 15... g5 $6 (15... e5 $1 16. dxe5 Bxe5 17. Bb2 Qe7 (17... Bxf4 18. exf4 Qa5 19. Bd4 Rae8 20. Rab1 Bc8 21. Rfd1 $14) 18. Bxe5 Qxe5 19. Rfe1 dxc4 20. Qxc4 Rad8 $11) 16. Ne2 $14 g4 (16... e5 17. Bxf5 (17. cxd5 Nxd5 18. Rb1 $14) 17... dxc4 18. Bxd7 Qxd7 19. Qxc4 $14) 17. Nf4 Rg8 (17... e5 18. dxe5 Bxe5 19. Rb1 $14) 18. Kh1 (18. Rb1 gxf3 19. Rxf3 b6 20. cxd5 cxd5 21. Ba3 Ng4 $132) 18... Qe8 (18... b6 19. cxd5 cxd5 20. Ba3 $14) (18... dxc4 19. Bxc4 $14) 19. e4 (19. Rb1 Rb8 20. cxd5 cxd5 21. Ba3 $14) 19... gxf3 20. gxf3 Nh5 21. e5 (21. Ng2 $2 Ng3+ 22. hxg3 Qh5+ 23. Kg1 Bxg3 24. Ne3 fxe4 25. fxe4 dxc4 26. Bxc4 Bf4+ 27. Kf2 (27. Ng2 Qh2+ $19) 27... Bxe3+ 28. Kxe3 (28. Bxe3 Qh2+ $19) 28... Rg3+ 29. Kd2 Rg2+ $19) 21... Nxf4 22. Bxf4 Qh5 23. Qf2 (23. cxd5 cxd5 24. Qf2 Rg6 25. Rg1 Rag8 $11) 23... Ba5 (23... b6 24. Rab1 $132) 24. Rab1 b6 25. cxd5 (25. cxb6 axb6 26. cxd5 cxd5 27. Rfc1 Rac8 28. Rxc8 Bxc8 29. Bg3 h6 30. Bh4 $14) 25... cxd5 26. Rfc1 (26. cxb6 Bxb6 27. Bc1 Rac8 28. Ba3 $132) 26... bxc5 27. Bb5 (27. dxc5 Bc6 28. Bb5 Rac8 29. Bxc6 Rxc6 30. Rg1 Rxg1+ 31. Rxg1 Bd8 32. Qg3 Qf7 33. Bh6 Rc7 $11) 27... Bxb5 28. Rxb5 Bc7 (28... Rab8 29. Rxa5 (29. Rbxc5 Rb2 30. R1c2 Rxc2 (30... Be1 31. Qe2 Rxc2 32. Rxc2 Ba5 $11) 31. Rxc2 Bb6 32. Rd2 Qh3 33. Be3 h6 $11) 29... Rb2 30. Qf1 Qh4 31. Raxc5 $8 Qxf4 32. R5c2 Qxd4 $17) 29. Rb7 (29. Rbxc5 Bb6 30. R5c3 (30. Rc6 Bxd4 $17) 30... Rg6 31. Rc8+ Rxc8 32. Rxc8+ Kg7 33. Rc3 Qh3 34. Rd3 $11) 29... Rg7 30. dxc5 (30. Rxc5 $2 Rag8 31. Rc1 Qh3 $19) 30... Rag8 31. Rxa7 $4 (31. Rbb1 Bd8 32. Rg1 Rxg1+ 33. Rxg1 Rxg1+ 34. Kxg1 $11) 31... Qh3 $19 32. Rxc7 Rxc7 $2 (32... Rg2 $1 33. Rf1 Rxf2 34. Rxf2 Qh4 35. Bg3 Rxg3 36. Rg2 Rxg2 37. Kxg2 Qg5+ $19) 33. Bg3 Rcg7 $4 (33... h6 34. Bh4 Kh7 35. Bf6 Ra7 $17) 34. Bh4 $18 Rg6 (34... Rf7 35. Bf6+ $16) 35. Bf6+ Rxf6 36. exf6 Qh6 (36... Rf8 37. c6 Qh6 38. Qc5 Rc8 39. c7 Qxf6 40. Qd6 $18) 37. Qb2 d4 (37... Rf8 38. c6 e5 39. c7 Rc8 40. f7 $1 $18) 38. f7 Rd8 39. Rg1 Qf6 40. Qb7 d3 41. Qd7 h6 42. Qe8+ 1-0

[Event "Elista FIDE GP"]
[Site "Elista"]
[Date "2008.12.25"]
[Round "10"]
[White "Mamedyarov, Shakhriyar"]
[Black "Eljanov, Pavel"]
[Result "1-0"]
[WhiteElo "2731"]
[BlackElo "2720"]
[Annotator "Postny,Evgeny"]
[PlyCount "81"]
[EventDate "2008.12.14"]
[EventType "tourn"]
[EventRounds "13"]
[EventCountry "RUS"]
[EventCategory "19"]
[SourceTitle "CBM 128"]
[Source "ChessBase"]
[SourceDate "2009.01.28"]
[SourceVersion "1"]
[SourceVersionDate "2009.01.28"]
[SourceQuality "1"]

1. d4 Nf6 2. c4 e6 3. Nf3 d5 4. Bg5 {Keeping the queenside knight on its initial square for a while. By playing this way White is trying to avoid the Vienna Game and the Ragozin Defence.} Bb4+ 5. Nbd2 dxc4 {The most principled continuation. White can't get the pawn back and has to play for the initiative to justify the pawn sacrifice.} 6. Qc2 b5 7. a4 c6 8. g3 {Mamedyarov refrains from exchanging on f6, White's last chance to spoil Black's pawn structure.} (8. Bxf6 gxf6 (8... Qxf6 $2 9. axb5 $16 cxb5 $2 10. Qe4 $18 {[%csl Ra8]}) 9. g3 Bb7 10. Bg2 Nd7 11. O-O a6 12. b3 cxb3 13. Qxb3 c5 14. axb5 axb5 15. dxc5 Bxc5 16. Rxa8 Qxa8 17. Qxb5 Bc6 18. Qc4 O-O $11 {1-0 Postny,E (2598)-Okkes,M (2386)/Hoogeveen 2007/CBM 120 ext (45)}) ({RR} 8. e3 a6 9. Be2 Bb7 10. O-O Nbd7 11. b3 cxb3 12. Nxb3 O-O 13. Ne5 Qb6 14. a5 Qc7 15. Bxf6 Nxf6 16. Nd3 Bd6 17. f4 Nd7 18. Ndc5 Nxc5 19. Nxc5 Bxc5 20. Qxc5 Rfd8 21. Bf3 Rd6 22. Rfc1 Rad8 {Hoffman,A (2291)-Calcado,A (2122) Curitiba BRA 2026 1-0 (40)}) 8... Bb7 9. Bg2 Nbd7 (9... h6 10. Bxf6 gxf6 (10... Qxf6 11. Ne5 a6 {is a possible alternative.}) 11. O-O Nd7 12. Nh4 a6 13. Rfd1 O-O 14. Nf1 f5 15. e4 fxe4 16. Qxe4 Nf6 17. Qf4 Kg7 18. Ne3 $44 {[%csl Rg7] 1-0 Khruschiov,A (2499)-Barsov,A (2513)/Dresden GER 2008/The Week in Chess 732 (34)}) 10. O-O Qc8 $146 {Moving the queen away from the pin and protecting the b7. The c8-square is, usually, the safest for Black's queen in this setup, compared to c7 where it might be attacked by White's dark-squared bishop from f4.} ({RR} 10... O-O 11. b3 cxb3 12. Nxb3 a5 13. Ne5 Qb6 14. Bxf6 Nxf6 15. Rfc1 Rfc8 16. Nc5 Nd5 17. e3 Bxc5 18. Qxc5 b4 19. Qxb6 Nxb6 20. Rc5 Kf8 21. Kf1 f6 22. Nxc6 Nd7 23. Rcc1 b3 24. Rab1 Ra6 25. d5 {Bogner,S (2570)-Georgiadis,N (2441) Switzerland 2014 0-1 (42)}) ({RR} 10... h6 11. Bxf6 Nxf6 12. b3 cxb3 13. Nxb3 O-O 14. Ne5 Qe7 15. Nxc6 Bxc6 16. Qxc6 bxa4 17. Qxa4 Rab8 18. e3 Bc3 19. Ra2 e5 20. dxe5 Qxe5 21. Na5 Bxa5 22. Qxa5 Rb5 23. Qxa7 Rfb8 24. Rd2 Qh5 25. h3 {Cyborowski,L (2543)-Zawadzka,J (2383) Legnica 2013 1-0 (35)}) 11. b3 $5 {A risky move. Mamedyarov was definitely upset with his results so far (8 draws and 1 loss) and was trying to win a game at any cost.} (11. Ne5 Nxe5 12. dxe5 Nd5 13. Ne4 Qc7 $15) 11... c3 ({After} 11... cxb3 $6 12. Nxb3 {is will be extremely difficult for Black to perform the c6-c5 push.}) 12. Ne4 (12. Nb1 $2 c5 $1 13. axb5 Be4 14. Qc1 Nd5 $17) 12... Nxe4 13. Qxe4 c5 {This is tempting, but the simple castling might be safer.} (13... O-O 14. Ne5 h6 15. Bf4 (15. Bxh6 $2 {does not work in view of} f5 $1) (15. axb5 $2 f5 $1 16. Qf3 Nxe5 17. dxe5 hxg5 18. bxc6 Ba6 19. c7 Qxc7 20. Rxa6 Rac8 $19) 15... Nf6 16. Qc2 a5 $15) 14. Qg4 {Now it is not easy for Black to castle. His king will likely remain in the centre. But, does not White lose some material by force?} h5 15. Qh4 f6 16. Be3 {White is ready to sacrifice a piece on g5. Forced, in fact.} c4 (16... g5 17. Bxg5 (17. Nxg5 Bxg2 18. Kxg2 fxg5 19. Qxg5 Qc6+ 20. Kg1 Kf7 $1 {The king can defend himself!} (20... bxa4 $2 21. Qg6+ Kd8 22. d5 $1 Qxd5 23. Rfd1 Qc6 24. Bf4 $1 {[%cal Gd1d6,Gg6f6] with a crushing attack.}) 21. dxc5 Bxc5 22. axb5 Qc7 23. Ra4 Rag8 24. Qh4 Qe5 25. Bxc5 Nxc5 26. Rxa7+ Kg6 $15) 17... fxg5 18. Qxg5 Be4 (18... bxa4 19. dxc5 axb3 20. Qg6+ Kd8 21. Qg5+ Ke8 22. Qg6+ $11) 19. Qg7 Rf8 20. Ng5 Bxg2 21. Qg6+ Ke7 22. Qxe6+ Kd8 23. Kxg2 $44) 17. axb5 Bd5 {Some fabulous variations were found by an engine after 17...cxb3.} (17... cxb3 18. d5 $1 {[%csl Rb4][%cal Gh4b4]} Bc5 19. dxe6 Nf8 20. Nd4 Bxg2 21. Kxg2 Qb7+ 22. Nc6 Bxe3 23. fxe3 b2 24. Rad1 Qxb5 (24... c2 25. e7 cxd1=Q 26. Rxd1 Nd7 27. Qe4 {[%cal Ge4g6]} Rh6 $8 28. Qe6 {[%cal Ge6g8]} Rh8 $8 29. Qf5 Rh6 30. Qe6 Rh8 $11) 25. Qe4 Qxe2+ 26. Kg1 Qg4 27. Rd7 $1 Nxd7 (27... Nxe6 28. Qd3 O-O 29. Ne7+ Kh8 30. Ng6+ Kg8 31. Ne7+ $11) 28. exd7+ Kxd7 29. Ne5+ fxe5 30. Qd5+ Kc8 31. Qc6+ Kb8 32. Qd6+ Kc8 33. Qc6+ $11) 18. Ra4 Be7 19. bxc4 g5 (19... Bxc4 20. Qe4 $36 {[%cal Ge4g6]}) 20. Nxg5 Bxg2 $2 {The order of capturing is important!} (20... fxg5 21. Bxg5 Bxg2 $1 (21... Bxg5 22. Qxg5 Bxg2 23. Qg6+ Kf8 24. Kxg2 Nb6 25. Rb4 Nxc4 26. d5 $1 $40 {opening all the possible lines against the Black king.}) 22. Kxg2 Nb6 23. Ra6 (23. Bxe7 Qb7+ 24. d5 Qxe7 25. Qd4 O-O 26. Ra6 Rac8 $13) 23... Bxg5 24. Qxg5 Qxc4 25. Qg6+ Ke7 26. Qg7+ Kd6 27. Qe5+ Ke7 $11) 21. Kxg2 fxg5 22. Qe4 $1 $16 {That's the point. White does not take on on g5 but centralizes his strongest piece. White is definitely better now.} Nf6 23. Qg6+ Kd8 24. Rfa1 h4 {Trying to create some counter-threats along the h-file.} 25. d5 $1 {This is called for. The king on d8 might suffer should the d-file be opened.} (25. Rxa7 $2 Rxa7 26. Rxa7 hxg3 27. hxg3 e5 $1 {[%cal Gc8h3]} 28. Kg1 Qh3 29. Ra8+ Kc7 30. b6+ Kb7 31. Rxh8 Qxh8 32. Qc2 {White is still better, but far from winning.}) 25... h3+ 26. Kg1 Rg8 27. Qd3 exd5 28. cxd5 Ke8 (28... Qb7 29. Qxc3 Nxd5 30. Qd3 Ke8 31. Rxa7 Nc7 32. Rxa8+ Nxa8 33. f3 Nb6 34. Qh7 $1 $18) 29. d6 Bd8 30. Rxa7 $2 {This is too greedy.} (30. f3 {covering the dangerous diagonal and keeping all the benefits.} Qb7 31. Bd4 Bb6 32. Rc4 $16) 30... Rxa7 ({A spectacular, though, not forced line is:} 30... Qb7 $5 31. f3 Rxa7 32. Rxa7 Qd5 33. Qxc3 Qd1+ 34. Kf2 Ng4+ $1 35. fxg4 Rf8+ 36. Bf4 Bb6+ 37. e3 Bxa7 38. Qe5+ Kf7 39. Qe7+ Kg8 40. Qxg5+ Kh8 {and White has no more than a perpetual check.}) 31. Rxa7 c2 32. d7+ {Mamedyarov insists on getting rid of this pawn in order to get more access to the black king.} (32. Bc1 Qc5 {and Black is back into the game.}) 32... Nxd7 33. Qe4+ Kf8 34. Qf5+ Bf6 35. Bc1 Qc3 $2 {A punch in the air. It was necessary to bring the dreaming rook into the battle.} (35... Rg7 $1 36. Qxh3 Re7 37. Qh6+ Kf7 38. Qh7+ Kf8 39. Qh6+ {A draw would have been the objective result in this case.}) 36. Qxh3 {After White has eliminated this dangerous pawn, he is ready for a final assault.} Rg7 (36... Qe1+ 37. Kg2 Qxc1 38. Qxd7 $18) 37. Kg2 Qd4 38. Ba3+ Kg8 39. Ra8+ Kf7 40. Qf5 g4 (40... Rg8 41. e3 Qd1 42. Ra7 Rd8 43. Qh7+ Bg7 44. Bb2 Qd5+ 45. e4 $18) 41. Rd8 {[%csl Rd7] A highly tense and complicated game. It was definitely impossible to cover all the spectacular lines behind the scene. Therefore, I am not sure that I have managed to provide an objective evaluation of certain moments of this encounter.} 1-0